| 000 | 00383nam a22001337a 4500 | ||
|---|---|---|---|
| 082 | _aP227 | ||
| 100 |
_aZahid. _948011 |
||
| 245 |
_aConnection of assualt bridges am-50 and hmb by7 providing an intermediate member/ _bZahid, Umais. |
||
| 260 |
_aMCE _c2002. |
||
| 526 |
_a0 _b0 _c0 _dP_000000000000000_227 |
||
| 650 | _aProject. | ||
| 700 |
_aFaisal Mubarik. _948012 |
||
| 942 |
_2ddc _cBK |
||
| 999 |
_c551065 _d551065 |
||